Guess the NFL Players - Statistics

General Stats
  • This quiz has been taken 125 times
  • The average score is 14 of 32
Answer Stats
Hint Answer % Correct
#13/Giants Odell Beckham
92%
#11/Falcons Julio Jones
86%
#10/Chiefs Tyreek Hill
73%
#26/Steelers Le'Veon Bell
62%
#58/Broncos Von Miller
62%
#88/Cowboys Dez Bryant
61%
#88/Panthers Greg Olsen
60%
#14/Vikings Stefon Diggs
59%
#16/Seahawks Tyler Lockett
59%
#24/Raiders Marshawn Lynch
56%
#13/Buccaneers Mike Evans
55%
#52/Packers Clay Matthews
54%
#10/Texans De'Andre Hopkins
53%
#99/Chargers Joey Bosa
50%
#25/Bills LeSean McCoy
48%
#14/Bengals Andy Dalton
45%
#31/Cardinals David Johnson
45%
#55/Ravens Terrell Suggs
44%
#17/Eagles Alshon Jeffery
43%
#15/Lions Golden Tate
42%
#14/Dolphins Jarvis Landry
42%
#19/Saints Ted Ginn
34%
#82/Titans Delanie Walker
32%
#18/Rams Cooper Kupp
31%
#14/Patriots Brandin Cooks
29%
#21/Jaguars AJ Bouye
28%
#23/Colts Frank Gore
26%
#12/Browns Josh Gordon
22%
#28/49ers Carlos Hyde
17%
#18/Redskins Josh Doctson
12%
#22/Jets Matt Forte
12%
#81Bears Cameron Meredith
2%
No matching quizzes found
Score Distribution
Percent of People with Each Score
Percentile by Number Answered
Your Score History
You have not taken this quiz